[Event "67th Moscow Blitz 2013"]
[Site "Moscow RUS"]
[Date "2013.09.01"]
[Round "8"]
[White "Dreev,A"]
[Black "Ulko,J"]
[Result "1-0"]
[WhiteElo "2668"]
[BlackElo "2443"]

1.d4 Nf6 2.c4 c5 3.d5 e5 4.Nc3 d6 5.e4 Nbd7 6.Bd3 a6 7.Nge2 Be7 8.O-O O-O
9.a3 Ne8 10.b4 Bg5 11.Bb2 b6 12.g3 Bh6 13.f4 exf4 14.gxf4 Qh4 15.Qe1 Qh3
16.Qg3 Ndf6 17.e5 Nh5 18.Qxh3 Bxh3 19.Rf2 dxe5 20.fxe5 Be3 21.Nd1 Bxf2+ 22.Nxf2 Bd7
23.Ne4 cxb4 24.axb4 Nc7 25.Bc2 Bg4 26.Nd4 Nf4 27.Nc6 Ncxd5 28.cxd5 Nxd5 29.Bb3 Nf4
30.Nd6 Be6 31.Bc2 Kh8 32.Rf1 Nh3+ 33.Kg2 Ng5 34.Kg3 Bh3 35.Rf2 h6 36.Bd4 a5
37.b5 a4 38.Bxb6 a3 39.Bb1 Be6 40.Ba2 f6 41.Bc5 fxe5 42.Rxf8+ Rxf8 43.Bxe6 Nxe6
44.Bxa3 Nf4 45.b6 Ne2+ 46.Kg2 Nf4+ 47.Kg3 Ne2+ 48.Kh3 Rf3+ 49.Kg2 Rxa3 50.b7 Nf4+
51.Kf2 Rb3 52.b8=Q+ Rxb8 53.Nxb8 Kh7 54.Nc6 Nd3+ 55.Ke3 Nf4 56.Nxe5 g5 57.Nf5 h5
58.Kf3 Ne6 59.Ng3 Kh6 60.Nf5+ Kh7 61.Kg3 Nf4 62.Kf3 Ne6 63.Ke4 Nf4 64.Nh4 Kh6
65.Nf7+ Kg7 66.Nxg5 Ne2 67.Ke3 Nc3 68.Ne4 Nd5+ 69.Kf3 Kh6 70.Nf5+ Kg6 71.Ne3 Ne7
72.Kf4 Nc6 73.Nc4 Nd4 74.Ne5+ Kh6 75.Ng3 Ne6+ 76.Kf5 Nd4+ 77.Ke4 Ne6 78.h4 Nc5+
79.Kf5 Nb3 80.Ne2 Nd2 81.Kf4 Nb3 82.Nf7+ Kg6 83.Ne5+ Kh6 84.Ng3 Nc5 85.Nf5+ Kh7
86.Kg5 Ne6+ 87.Kxh5 Nf4+ 88.Kg4 Ng2 89.h5 Ne1 90.Nf3 Nd3 91.Ng5+ Kh8 92.Kf3 Ne5+
93.Kg3 Nd3 94.h6 Ne5 95.Kh4 Ng6+ 96.Kh5 Nf4+ 97.Kg4 Ng6 98.Nh4 Ne7 99.Kh5 Ng8
100.Ng6+  1-0

[Event "67th Moscow Blitz 2013"]
[Site "Moscow RUS"]
[Date "2013.09.01"]
[Round "9"]
[White "Popov,Iv RUS"]
[Black "Dreev,A"]
[Result "0-1"]
[WhiteElo "2656"]
[BlackElo "2668"]

1.e4 c6 2.Nc3 d5 3.Nf3 Bg4 4.h3 Bxf3 5.Qxf3 e6 6.d4 dxe4 7.Nxe4 Qxd4 8.Bd3 Nd7
9.c3 Qd5 10.Bf4 Ne5 11.Bxe5 Qxe5 12.O-O Be7 13.Rfe1 Nf6 14.Rad1 Rd8 15.Nxf6+ Qxf6
16.Qxf6 Bxf6 17.Be4 Ke7 18.Bf3 a5 19.Rxd8 Rxd8 20.Rd1 Ra8 21.a4 g6 22.Kf1 h5
23.g4 h4 24.Ke2 Be5 25.Be4 Bf4 26.Kf3 e5 27.Bc2 Rb8 28.b3 Rf8 29.b4 axb4
30.cxb4 f5 31.gxf5 gxf5 32.b5 cxb5 33.axb5 Bg5 34.Rd5 e4+ 35.Ke2 Kf6 36.Bb3 Rc8
37.Rd6+ Ke5 38.Rd5+ Kf4 39.Rd7 Rc3 40.Bd1 b6 41.Rd5 Rxh3 42.Rd6 Rd3 43.Rxb6 h3
44.Rb8 Bf6 45.Rb7 Bc3 46.Ba4 Rd2+ 47.Kf1 Bd4 48.Rh7 Rxf2+ 49.Ke1 h2 50.Bd1 Rb2
51.Be2 Rb1+ 52.Bd1 Rb2 53.Be2 Kg3 54.Rh6 Bf2+ 55.Kd1 h1=Q+  0-1

[Event "67th Moscow Blitz 2013"]
[Site "Moscow RUS"]
[Date "2013.09.01"]
[Round "10"]
[White "Dreev,A"]
[Black "Mozharov,M"]
[Result "1-0"]
[WhiteElo "2668"]
[BlackElo "2508"]

1.d4 Nf6 2.c4 e6 3.Nc3 d5 4.Bf4 Be7 5.e3 O-O 6.a3 Nbd7 7.Nb5 Ne8 8.Nf3 c6
9.Nc3 Nef6 10.Qc2 b6 11.cxd5 exd5 12.Bd3 Bb7 13.O-O Re8 14.Ne5 Nf8 15.Qa4 b5
16.Qc2 Nh5 17.Ne2 Nxf4 18.Nxf4 Rc8 19.Bf5 Rc7 20.Nfd3 g6 21.Bh3 f6 22.Nf3 Bd6
23.Rac1 Bc8 24.Bxc8 Rxc8 25.Rfe1 Qd7 26.Qb3 Kg7 27.Rc2 Rc7 28.Rec1 Ne6 29.Nb4 Rec8
30.Na6 Rb7 31.Qc3 Rb6 32.Nb4 Bxb4 33.Qxb4 h5 34.Qa5 Qb7 35.Qb4 Rd8 36.Ne1 Kf7
37.Nd3 Rd7 38.Qa5 Ra6 39.Qe1 Rb6 40.Rc3 Rc7 41.Qd1 a5 42.R3c2 Re7 43.Qf3 Kg7
44.Qg3 Kf7 45.Qd6 Kg7 46.h4 Rf7 47.Qg3 Re7 48.b4 axb4 49.Nxb4 Nd8 50.Qd6 Rd7
51.Qg3 Qa8 52.Nd3  1-0

[Event "67th Moscow Blitz 2013"]
[Site "Moscow RUS"]
[Date "2013.09.01"]
[Round "12"]
[White "Dreev,A"]
[Black "Korotylev,A"]
[Result "1/2-1/2"]
[WhiteElo "2668"]
[BlackElo "2573"]

1.d4 Nf6 2.c4 e6 3.Nc3 Bb4 4.Qc2 O-O 5.a3 Bxc3+ 6.Qxc3 d6 7.Bg5 Nbd7 8.e3 b6
9.Nf3 Bb7 10.Nd2 Rc8 11.Bd3 c5 12.O-O cxd4 13.exd4 b5 14.b3 Qc7 15.Rfc1 bxc4
16.bxc4 h6 17.Bh4 e5 18.Bf5 Rb8 19.c5 Qc6 20.Qg3 Nh5 21.Qf3 Qxf3 22.gxf3 Ndf6
23.c6 Bc8 24.c7 Ra8 25.Be4 Nxe4 26.Nxe4 Nf4 27.Nxd6 Ne2+ 28.Kg2 Nxc1 29.Rxc1 exd4
30.Be7 d3 31.Kf1 Re8 32.Nxe8 Bh3+ 33.Kg1 Rxe8 34.Bb4 Kh7 35.Rd1 Bf5 36.Kg2 g5
37.Kg3 Kg6 38.Rc1 h5 39.h4 f6 40.Rc6 Kf7 41.Rd6 Re2 42.Rd8 Rc2 43.Ba5 Rc1
44.hxg5 fxg5 45.Kg2 h4 46.Rd5 Kg6 47.Rd6+ Kh5 48.Rd8 h3+ 49.Kh2 Kg6 50.Rd5 Rc2
51.Kg3 Kf6 52.Rd8 Kf7 53.Rd5 Kg6 54.Rd6+ Kh5 55.Rd8  1/2-1/2

[Event "67th Moscow Blitz 2013"]
[Site "Moscow RUS"]
[Date "2013.09.01"]
[Round "13"]
[White "Gunina,V"]
[Black "Dreev,A"]
[Result "1-0"]
[WhiteElo "2506"]
[BlackElo "2668"]

1.d4 d5 2.c4 c6 3.cxd5 cxd5 4.Nc3 Nf6 5.Bf4 Nc6 6.e3 Bg4 7.Qb3 Na5 8.Bb5+ Bd7
9.Qa4 Nc6 10.Nf3 a6 11.Bxc6 Bxc6 12.Qb3 e6 13.Ne5 Bd6 14.O-O Bxe5 15.Bxe5 O-O
16.Rac1 Rc8 17.Qb4 Ng4 18.Bd6 Re8 19.h3 Nh6 20.Bf4 Nf5 21.Na4 Bxa4 22.Qxa4 Ne7
23.Qb3 Qd7 24.Qb6 Rxc1 25.Rxc1 Rc8 26.Rxc8+ Qxc8 27.Bc7 Nc6 28.a3 f6 29.b4 Kf7
30.Bg3 Ne7 31.Bd6 Nc6 32.a4 Qd7 33.Bc5 e5 34.b5 axb5 35.axb5 Nd8 36.dxe5 fxe5
37.Bd6 d4 38.exd4 exd4 39.Qxd4 Qxb5 40.Qf4+ Ke6 41.Bf8 Qd7 42.Qg5 Qf7 43.Qxd8 b5  1-0

[Event "67th Moscow Blitz 2013"]
[Site "Moscow RUS"]
[Date "2013.09.01"]
[Round "14"]
[White "Dreev,A"]
[Black "Najer,E"]
[Result "0-1"]
[WhiteElo "2668"]
[BlackElo "2626"]

1.d4 d5 2.c4 c6 3.Nf3 Nf6 4.e3 Bg4 5.Nc3 e6 6.h3 Bh5 7.Qb3 Qb6 8.Nh4 Be7
9.g4 Bg6 10.Nxg6 hxg6 11.Bg2 g5 12.Bd2 Nbd7 13.O-O-O Qxb3 14.axb3 O-O-O 15.Kc2 Nf8
16.f3 Ng6 17.Be1 Nh4 18.Bxh4 Rxh4 19.e4 dxc4 20.bxc4 e5 21.Ne2 Nd7 22.d5 Rh6
23.Ng3 g6 24.Ne2 Bc5 25.Ra1 Nb8 26.b4 Bxb4 27.Rxa7 Bc5 28.Ra8 Rhh8 29.Rb1 Kc7
30.Nc1 Na6 31.Rxd8 Rxd8 32.Nd3 Bd4 33.Bf1 Ra8 34.Be2 Nb8 35.c5 Nd7 36.dxc6 bxc6
37.Nb4 Nxc5 38.Bc4 f6 39.Bf7 Ra3 40.Bxg6 Rc3+ 41.Kd1 Rxf3 42.Bf5 Rf1+ 43.Kc2 Rf2+
44.Kd1 Rh2 45.Rc1 Kd6 46.Rc2 Rh1+ 47.Ke2 Rxh3 48.Rd2 Re3+ 49.Kd1 Nxe4 50.Rh2 Nc3+
51.Kd2 Nd5 52.Nc2 Rg3 53.Rh7 Rg2+ 54.Kc1 Kc5 55.Be6 Nf4 56.Bf5 Bc3 57.Kb1 Kc4
58.Ne3+ Kd4 59.Nxg2 Nxg2 60.Rf7 e4 61.Rd7+ Ke3 62.Kc2 Be5 63.Ra7 Nh4 64.Bh7 c5
65.Ra4 Bd4 66.Ra6 Nf3 67.Re6 Be5 68.Kd1 c4 69.Rc6 c3 70.Rc4 Bd4 71.Rc6 Kd3
72.Bg8 Ne5 73.Rc8 Nxg4 74.Bc4+ Ke3 75.Be6 Nf2+ 76.Kc2 g4 77.Rg8 Kf4 78.Rd8 Be5
79.Rg8 g3 80.Bd5 Ng4 81.Bxe4 Kxe4  0-1

[Event "67th Moscow Blitz 2013"]
[Site "Moscow RUS"]
[Date "2013.09.01"]
[Round "15"]
[White "Eliseev,U"]
[Black "Dreev,A"]
[Result "0-1"]
[WhiteElo "2550"]
[BlackElo "2668"]

1.e4 c6 2.d3 d5 3.Nd2 e5 4.Ngf3 Bd6 5.g3 Nf6 6.Bg2 O-O 7.O-O Re8 8.Re1 Nbd7
9.b3 Nf8 10.Bb2 Ng6 11.Nf1 Bd7 12.N3d2 Bc5 13.Ne3 Qb6 14.Qe2 Rad8 15.exd5 Bxe3
16.fxe3 cxd5 17.Kh1 h6 18.Rf1 Qe6 19.Rae1 Rc8 20.c4 Bc6 21.cxd5 Nxd5 22.Ne4 Bb5
23.Rf2 Nb4 24.Rd1 Red8 25.Qf3 Nxd3 26.Rfd2 f5 27.Nc3 e4 28.Qh5 Be8 29.Ba1 Ngf4
30.Qh4 g5 31.gxf4 gxh4 32.Rg1 Bg6 33.Bh3 Kh7 34.Nb5 Rg8 35.Nd4 Qf7 36.Rdg2 Rc1
37.Rxc1 Nxc1 38.Kg1 Nd3 39.Kh1 Nc5 40.Bb2 Ne6 41.Nb5 Qd7 42.Nd4 Nxd4 43.Rd2 Bh5  0-1

[Event "Baku Open 2013"]
[Site "Baku AZE"]
[Date "2013.09.19"]
[Round "1.1"]
[White "Boruchovsky,A"]
[Black "Dreev,A"]
[Result "1/2-1/2"]
[WhiteElo "2461"]
[BlackElo "2668"]

1.d4 d5 2.c4 c6 3.cxd5 cxd5 4.Bf4 Nc6 5.e3 Nf6 6.Nc3 Bg4 7.Qb3 Na5 8.Qa4+ Bd7
9.Qc2 e6 10.h3 Rc8 11.Bd3 Bb4 12.a3 Bxc3+ 13.bxc3 Nc4 14.Ne2 O-O 15.O-O Bb5
16.Rfb1 Ba6 17.Bg5 h6 18.Bh4 Qe7 19.Rb4 Nxa3 20.Rxa3 Qxb4 21.Rxa6 bxa6 22.cxb4 Rxc2
23.Bxc2 Rb8 24.Bxf6 gxf6 25.Kf1 Rxb4 26.Ke1 a5 27.Nc3 Kf8 28.Kd2 Ke7 29.Na4 Kd6
30.Nc5 Rb8 31.Kc3 Rc8 32.Kb2 Rb8+ 33.Ka3 Rb4 34.Bd3 Rb8 35.g3 e5 36.Nb3 e4
37.Bc2 Rc8 38.Nc5 f5 39.Kb2 Rb8+ 40.Kc3 Kc6 41.Ba4+ Kd6 42.Bb3 Rc8 43.Kd2 Rb8
44.h4 a4 45.Bxa4 Rb1 46.Bd1 Rb2+ 47.Bc2 Ra2 48.Nb3 Ra4 49.Nc1 Rb4 50.Na2 Rb2
51.Nc3 a5 52.Kc1 Rb8 53.Ba4 f4 54.exf4 Rb4 55.Kc2 Ke6 56.Bb3 Rxd4 57.g4 Rd3
58.Bxd5+ Ke7 59.Bxe4 Rh3 60.h5 Rh2 61.Nd1 Kd6 62.Kc3 Kc5 63.Nb2 f6 64.Nd3+ Kd6
65.Kc4 Rh4 66.f3 Rh2 67.Kb5 Ra2 68.g5 fxg5 69.fxg5 Rh2 70.Bg6 hxg5 71.Kxa5 Rh3
72.Ne1 Ke5 73.Kb4 Kf4 74.Be4 Rxh5 75.Nd3+ Ke3 76.Ne5 Rh4 77.Kc5  1/2-1/2

[Event "Baku Open 2013"]
[Site "Baku AZE"]
[Date "2013.09.20"]
[Round "2.13"]
[White "Dreev,A"]
[Black "Aliakbarov,A"]
[Result "1-0"]
[WhiteElo "2668"]
[BlackElo "2232"]

1.d4 Nf6 2.c4 g6 3.Nc3 Bg7 4.e4 d6 5.f3 O-O 6.Nge2 b6 7.Bg5 c5 8.d5 e6 9.Qd2 exd5
10.Nxd5 Be6 11.Nec3 Na6 12.Rd1 Nc7 13.Nxc7 Qxc7 14.Qxd6 Qb7 15.Qd2 Nd7 16.Be2 Ne5
17.Nd5 Nc6 18.O-O f5 19.Bd3 Nd4 20.Rfe1 Rae8 21.b4 cxb4 22.Qxb4 Nc6 23.Qa3 Bd4+
24.Kh1 Qg7 25.Bc2 Bc5 26.Qc1 Rf7 27.Bh6 Qh8 28.exf5  1-0

[Event "Baku Open 2013"]
[Site "Baku AZE"]
[Date "2013.09.22"]
[Round "4.5"]
[White "Dreev,A"]
[Black "Muzychuk,A"]
[Result "1-0"]
[WhiteElo "2668"]
[BlackElo "2585"]

1.d4 d5 2.c4 c6 3.Nf3 Nf6 4.e3 Bg4 5.h3 Bxf3 6.Qxf3 e6 7.Bd3 Nbd7 8.O-O Bd6
9.Nc3 O-O 10.Rd1 Re8 11.Qe2 Qe7 12.Bd2 dxc4 13.Bxc4 Nb6 14.Bb3 e5 15.dxe5 Bxe5
16.Be1 Rad8 17.Rac1 h6 18.g3 Nbd5 19.Nxd5 Nxd5 20.Rd3 Nf6 21.Rcd1 Rxd3 22.Rxd3 Rd8
23.Rxd8+ Qxd8 24.Qc2 Qd7 25.Kg2 h5 26.Bc4 a6 27.b4 Nd5 28.Bb3 g6 29.a4 Kg7
30.e4 Nc7 31.f4 Ba1 32.Bf2 Ne6 33.Be3 Kg8 34.e5 h4 35.gxh4 Bd4 36.Qd3 c5
37.b5 axb5 38.axb5 Qe7 39.h5 gxh5 40.f5 Nf8 41.Bxd4 Qg5+ 42.Qg3 Qxg3+ 43.Kxg3 cxd4
44.e6  1-0

[Event "Baku Open 2013"]
[Site "Baku AZE"]
[Date "2013.09.23"]
[Round "5.6"]
[White "Dreev,A"]
[Black "Mamedov,Nid"]
[Result "1-0"]
[WhiteElo "2668"]
[BlackElo "2609"]

1.d4 Nf6 2.c4 e6 3.Nc3 Bb4 4.Qc2 d5 5.cxd5 Qxd5 6.e3 c5 7.Bd2 Bxc3 8.Bxc3 cxd4
9.Bxd4 Nc6 10.Bxf6 gxf6 11.Ne2 Bd7 12.a3 Ne5 13.Rd1 Qa5+ 14.Qc3 Qxc3+ 15.Nxc3 Nc6
16.Ne4 Ke7 17.Nxf6 Kxf6 18.Rxd7 Rac8 19.f4 Nb8 20.Rxb7 Rhd8 21.Kf2 Rc1 22.g4 Na6
23.Bg2 Rc2+ 24.Kg3 Rd3 25.g5+ Kg7 26.Re1 Nc5 27.Rxa7 Rxb2 28.Bf3 Rbb3 29.Rc7 Rdc3
30.Kh4 Nd3 31.Rxc3 Rxc3 32.Ra1 Nc5 33.a4 Rxe3 34.Kg3 e5 35.fxe5 Rxe5 36.h4 h6
37.gxh6+ Kxh6 38.Ra3 Re6 39.a5 Rg6+ 40.Kf4 Ra6 41.Ke5 Nb3 42.Rxb3 Rxa5+ 43.Kf4 Ra6
44.Be4 Rd6 45.Rb8 Ra6 46.Rd8 Rb6 47.Kg4 Ra6 48.Rd7 Kg7 49.Kg5 Ra1 50.Rd6 Rg1+
51.Kf4 Rf1+ 52.Bf3 Re1 53.Bg4 Rf1+ 54.Kg5 Rh1 55.h5 Rg1 56.h6+ Kh7 57.Rd7  1-0

[Event "Baku Open 2013"]
[Site "Baku AZE"]
[Date "2013.09.24"]
[Round "6.2"]
[White "Zhigalko,S"]
[Black "Dreev,A"]
[Result "1-0"]
[WhiteElo "2664"]
[BlackElo "2668"]

1.e4 c6 2.d4 d5 3.e5 Bf5 4.Nf3 e6 5.Be2 Ne7 6.O-O Bg6 7.Nbd2 Nf5 8.c4 Nd7
9.cxd5 cxd5 10.Nb3 a5 11.a4 Bb4 12.Bd2 Bxd2 13.Qxd2 O-O 14.Bb5 Nb8 15.Rac1 b6
16.Qe2 Bh5 17.h3 Bxf3 18.Qxf3 Na6 19.Rc3 Nb4 20.g4 Ne7 21.Qe2 Na2 22.Re3 Rc8
23.f4 Nb4 24.Rc3 Nec6 25.f5 Qg5 26.f6 gxf6 27.Rxf6 Rc7 28.Qf2 Rfc8 29.h4 Qg7
30.Qf4 Nd8 31.h5 Kf8 32.Rxc7 Rxc7 33.g5 Kg8 34.Nd2 Rc1+ 35.Kh2 Rc2 36.Kg3 Kf8
37.Nf3 Rxb2 38.h6 Qg8 39.g6 hxg6 40.Ng5 Rb3+ 41.Kg4  1-0

[Event "Baku Open 2013"]
[Site "Baku AZE"]
[Date "2013.09.25"]
[Round "7.4"]
[White "Dreev,A"]
[Black "Mamedov,Rau"]
[Result "1/2-1/2"]
[WhiteElo "2668"]
[BlackElo "2641"]

1.d4 Nf6 2.c4 g6 3.Nc3 Bg7 4.e4 d6 5.Nf3 O-O 6.Be2 e5 7.O-O exd4 8.Nxd4 Re8
9.f3 Nc6 10.Nc2 Nh5 11.g4 Be5 12.gxh5 Bxh2+ 13.Kxh2 Qh4+ 14.Kg1  1/2-1/2

[Event "Baku Open 2013"]
[Site "Baku AZE"]
[Date "2013.09.26"]
[Round "8.3"]
[White "Korneev,O"]
[Black "Dreev,A"]
[Result "0-1"]
[WhiteElo "2621"]
[BlackElo "2668"]

1.e4 c6 2.Nc3 d5 3.Nf3 Bg4 4.h3 Bxf3 5.Qxf3 e6 6.d4 dxe4 7.Qxe4 Nf6 8.Qd3 Na6
9.a3 Qa5 10.Rb1 Nc7 11.b4 Qb6 12.Na4 Qb5 13.Nc5 Qxd3 14.Bxd3 O-O-O 15.Nb3 Nfd5
16.c4 Nc3 17.Rb2 e5 18.Bg5 f6 19.Be3 g6 20.O-O e4 21.Rc2 N3d5 22.Bxe4 Nxe3
23.fxe3 Re8 24.Bf3 Rxe3 25.Rb1 Bd6 26.Kf2 Rhe8 27.b5 cxb5 28.c5 Bf4 29.g3 Bh6
30.d5 Rxf3+ 31.Kxf3 Nxd5 32.Rd1 Re3+ 33.Kf2 Nc3 34.Rd4 Ne4+ 35.Kg2 f5 36.Rb4 Rxg3+
37.Kf1 a6 38.c6 bxc6 39.Rxc6+ Kd7 40.Na5 Rf3+ 41.Ke2 Rf2+ 42.Kd1 Rd2+ 43.Ke1 Be3
44.Rxa6 Nc3 45.Ra7+ Ke6 46.Ra6+ Kf7 47.Kf1 Rf2+ 48.Ke1 Rg2  0-1

[Event "Baku Open 2013"]
[Site "Baku AZE"]
[Date "2013.09.27"]
[Round "9.4"]
[White "Dreev,A"]
[Black "Mchedlishvili,M"]
[Result "1-0"]
[WhiteElo "2668"]
[BlackElo "2633"]

1.d4 Nf6 2.c4 g6 3.Nc3 Bg7 4.e4 d6 5.f3 O-O 6.Nge2 a6 7.Be3 Nc6 8.Qd2 Rb8
9.Rc1 Bd7 10.Nd1 Re8 11.Nf2 b5 12.c5 dxc5 13.Rxc5 e5 14.dxe5 Nxe5 15.Nf4 c6
16.Be2 g5 17.Rxe5 Rxe5 18.N4d3 Re8 19.Bxg5 Qb6 20.Be3 Qd8 21.O-O Be6 22.b3 Rc8
23.Rd1 Kh8 24.f4 Qc7 25.Bd4 Rcd8 26.Be5 Qe7 27.Qc3 Bc8 28.Re1 Rg8 29.Bf3 Rde8
30.Rc1 Nd7 31.Bxg7+ Rxg7 32.Qxc6 Reg8 33.e5 Qd8 34.g3 Qb6 35.Qxb6 Nxb6 36.Ne4 Bb7
37.Ndc5 Bd5 38.Nxa6 Ra8 39.Nb4 Rd8 40.Nxd5 Nxd5 41.Rd1  1-0

[Event "Indonesia Open 2013"]
[Site "Jakarta INA"]
[Date "2013.10.10"]
[Round "1.3"]
[White "Sukandar,I"]
[Black "Dreev,A"]
[Result "0-1"]
[WhiteElo "2363"]
[BlackElo "2679"]

1.e4 c6 2.d4 d5 3.Nc3 dxe4 4.Nxe4 Bf5 5.Ng3 Bg6 6.h4 h6 7.Nf3 e6 8.h5 Bh7
9.Bd3 Bxd3 10.Qxd3 Nf6 11.Bd2 Nbd7 12.O-O-O Be7 13.Ne4 Nxe4 14.Qxe4 Nf6 15.Qe2 Qd5
16.Kb1 Qe4 17.Qxe4 Nxe4 18.Be3 f5 19.Nd2 Nf6 20.f3 O-O 21.Rde1 Bd6 22.Bf2 Rfe8
23.Nc4 Bc7 24.c3 a5 25.a4 b5 26.axb5 cxb5 27.Ne5 a4 28.Kc2 b4 29.cxb4 Nd5
30.Nd3 Bd6 31.Nc5 Nxb4+ 32.Kc3 Nd5+ 33.Kc4 Bxc5 34.dxc5 Rab8 35.Rxe6 Rxe6
36.Kxd5 Re2 37.Bd4 Rc2 38.Be5 Rb5 39.Bd4 Rb8 40.Be5 Rd8+ 41.Bd6 Rxb2 42.Ra1 Ra8
43.c6 Rd2+ 44.Kc5 Ra5+ 45.Kb6 Rxd6 46.Kxa5 Rxc6 47.Rxa4 Rc2 48.g4 Rf2 49.Ra3 fxg4
50.fxg4 Rf4 51.Kb6 Rxg4 52.Kc6 Rd4 53.Rf3 Rd1 54.Rf5 g5 55.hxg6 Kg7 56.Rf7+ Kxg6
57.Rf8 h5 58.Rg8+ Kf5 59.Kc5 h4 60.Kc4 h3 61.Rh8 Kg4 62.Kc3 Kg3 63.Rg8+ Kf2
64.Rf8+ Kg2 65.Rg8+ Kh1 66.Rh8 h2 67.Rg8 Rg1  0-1

[Event "Indonesia Open 2013"]
[Site "Jakarta INA"]
[Date "2013.10.11"]
[Round "2.3"]
[White "Dreev,A"]
[Black "Nguyen Van Huy"]
[Result "1-0"]
[WhiteElo "2679"]
[BlackElo "2422"]

1.d4 Nf6 2.c4 e6 3.Nc3 Bb4 4.Qc2 d5 5.a3 Bxc3+ 6.Qxc3 Ne4 7.Qc2 c5 8.dxc5 Nc6
9.cxd5 exd5 10.Nf3 Qa5+ 11.Bd2 Qxc5 12.Qxc5 Nxc5 13.Rc1 Nb3 14.Rc3 Nxd2 15.Kxd2 d4
16.Rc5 Bg4 17.h3 Be6 18.Ng5 Rd8 19.Nxe6 fxe6 20.g3 Rf8 21.Bg2 Ne7 22.f4 Nf5
23.Bxb7 Nxg3 24.Rg1 Nf5 25.Bc6+ Ke7 26.Ra5 Kd6 27.Be4 Rb8 28.b4 Ne3 29.Rc1 Rxf4
30.Rc6+ Ke7 31.Rxa7+ Kf6 32.Bf3 Rh4 33.Raa6 Kf5 34.Rxe6 Nc4+ 35.Ke1 Rxh3
36.Re7 g6 37.Kf2 Kg5 38.Kg2 Rh4 39.Kg3 Rf8 40.b5 Ne3 41.Rxe3 dxe3 42.b6 Rhf4
43.Ra5+ Kh6 44.b7 Rxf3+ 45.exf3 e2 46.Kf2 Rxf3+ 47.Kxe2 Rb3 48.Ra7 Rb2+ 49.Kd3 g5
50.a4 g4 51.a5 g3 52.Ra6+ Kh5 53.Rb6 Rxb6 54.axb6 g2 55.b8=Q g1=Q 56.Qe8+ Kh4
57.Qe7+  1-0

[Event "Indonesia Open 2013"]
[Site "Jakarta INA"]
[Date "2013.10.12"]
[Round "3.3"]
[White "Gomez,Joh"]
[Black "Dreev,A"]
[Result "1/2-1/2"]
[WhiteElo "2511"]
[BlackElo "2679"]

1.e4 c6 2.d4 d5 3.Nd2 dxe4 4.Nxe4 Bf5 5.Ng3 Bg6 6.Nh3 Nf6 7.Nf4 e5 8.Nxg6 hxg6
9.dxe5 Qa5+ 10.c3 Qxe5+ 11.Qe2 Nbd7 12.Bf4 Qxe2+ 13.Bxe2 Nd5 14.Bd2 N7f6
15.O-O Bd6 16.Rad1 O-O 17.Bf3 Rfe8 18.Rfe1 Rxe1+ 19.Rxe1 Bf4 20.Bxf4 Nxf4
21.Ne4 Nxe4 22.Rxe4 Ne6 23.Rb4 Nc5 24.Rd4 Kf8 25.h4 Ke7 26.Bd1 Ne6 27.Rd3 Nc5
28.Rd4 Ne6 29.Rd3 Nc5 30.Rd4 Ne6  1/2-1/2

[Event "Indonesia Open 2013"]
[Site "Jakarta INA"]
[Date "2013.10.12"]
[Round "4.4"]
[White "Dreev,A"]
[Black "Megaranto,S"]
[Result "1-0"]
[WhiteElo "2679"]
[BlackElo "2528"]

1.d4 d5 2.c4 c6 3.Nf3 e6 4.g3 f5 5.Bg2 Nf6 6.O-O Be7 7.Nbd2 O-O 8.Ne5 Nbd7
9.Nd3 Ne4 10.Qc2 Nxd2 11.Bxd2 Nf6 12.b4 Bd7 13.a4 Rc8 14.Bf4 Ne4 15.Rfc1 Nd6
16.Bxd6 Bxd6 17.Qb3 Kh8 18.Nc5 Bxc5 19.bxc5 Rc7 20.Qe3 Bc8 21.Qe5 Rcf7 22.Ra3 Qc7
23.Qxc7 Rxc7 24.a5 a6 25.Re3 Kg8 26.Re5 Kf7 27.f3 Rd8 28.e3 h5 29.Bf1 Kf6
30.Bd3 g6 31.Kf2 Rh7 32.Ke2 Rg7 33.Kd2 Rh7 34.Kc3 Rg7 35.Rf1 Rh7 36.Re1 Re7
37.h3 Red7 38.Rf1 Rg7 39.h4 Rh7 40.Rf2 Kf7 41.cxd5 Rxd5 42.e4 Rxe5 43.dxe5 Rg7
44.Kd4 g5 45.exf5 exf5 46.hxg5 Rxg5 47.Ke3 Rxg3 48.Kf4 Rg6 49.Bxf5 Bxf5 50.Kxf5 h4
51.Rh2 Rh6 52.Rh3 Rh8 53.Kg5 Ke6 54.f4  1-0

[Event "Indonesia Open 2013"]
[Site "Jakarta INA"]
[Date "2013.10.13"]
[Round "5.1"]
[White "Dreev,A"]
[Black "Ivanisevic,I"]
[Result "1-0"]
[WhiteElo "2679"]
[BlackElo "2632"]

1.d4 Nf6 2.c4 c5 3.d5 b5 4.Qc2 bxc4 5.e4 d6 6.Bxc4 g6 7.Nf3 Bg7 8.O-O O-O
9.Re1 Nbd7 10.Nc3 Ng4 11.Bf1 Nde5 12.Nxe5 Nxe5 13.Bg5 Rb8 14.Rad1 f6 15.Bf4 f5
16.b3 Rb4 17.Bd2 Rd4 18.f4 Ng4 19.h3 Rxd2 20.Rxd2 Bd4+ 21.Rxd4 Ne3 22.Rxe3 cxd4
23.Rd3 dxc3 24.Rxc3 Qb6+ 25.Kh2 Bb7 26.Rc7 Rf7 27.Bd3 fxe4 28.Bxe4 e5 29.Rxf7 Kxf7
30.fxe5 dxe5 31.Qc3 Kf6 32.Qf3+ Kg7 33.Qd3 Kf6 34.Kg3 Qd4 35.Qxd4 exd4 36.Kf4 g5+
37.Kf3 Ke5 38.Bxh7 Bxd5+ 39.Kf2 Be6 40.Bc2 a5 41.a3 Bd7 42.Bd3 Be6 43.b4 axb4
44.axb4 Bd5 45.g3 Be6 46.g4 Bd5 47.b5 Kd6 48.Kg3 Kc5 49.h4 gxh4+ 50.Kxh4 Bf7
51.g5 Be8 52.Kg3 Bf7 53.Kf4 Be8 54.Ke5 Bf7 55.Kf6 Bd5 56.g6  1-0

[Event "Indonesia Open 2013"]
[Site "Jakarta INA"]
[Date "2013.10.14"]
[Round "7.1"]
[White "Ganguly,S"]
[Black "Dreev,A"]
[Result "1/2-1/2"]
[WhiteElo "2639"]
[BlackElo "2679"]

1.d4 d5 2.c4 c6 3.Nc3 Nf6 4.e3 g6 5.Nf3 Bg7 6.Be2 O-O 7.O-O Be6 8.b3 c5 9.Ba3 cxd4
10.Nxd4 Nc6 11.Nxe6 fxe6 12.Bb2 Qa5 13.a3 Rad8 14.Qc2 a6 15.Rad1 d4 16.b4 Qf5
17.Qxf5 exf5 18.Nd5 Nxd5 19.cxd5 Nxb4 20.axb4 d3 21.Rxd3 Bxb2 22.f4 Rd6 23.Rb1 Bf6
24.Rc1 Rfd8 25.Rdd1 Kf8 26.Bf3 Rb6 27.Rc4 e6 28.dxe6 Rxd1+ 29.Bxd1 Rxe6 30.Rc8+ Re8  1/2-1/2

[Event "Indonesia Open 2013"]
[Site "Jakarta INA"]
[Date "2013.10.15"]
[Round "8.1"]
[White "Dreev,A"]
[Black "Mareco,S"]
[Result "1/2-1/2"]
[WhiteElo "2679"]
[BlackElo "2565"]

1.d4 Nf6 2.c4 e6 3.Nc3 Bb4 4.Qc2 O-O 5.a3 Bxc3+ 6.Qxc3 d6 7.Bg5 Nbd7 8.e3 b6
9.Nf3 Bb7 10.Nd2 c5 11.dxc5 bxc5 12.Bd3 h6 13.Bh4 Qb6 14.f3 a5 15.O-O a4
16.Rfd1 d5 17.Bf2 Rfb8 18.cxd5 exd5 19.Bf5 Bc6 20.Rab1 Re8 21.Rdc1 Ra6 22.Nf1 Bb5
23.Ng3 Qa7 24.Bc2 g6 25.Qd2 h5 26.Ne2 Ne5 27.Nc3 Bc6 28.Bh4 Nc4 29.Qf2 Nd7
30.Bd3 Nxe3 31.Bxa6 Qxa6 32.Re1 d4 33.Bg5 Ne5 34.Bxe3 Nd3 35.Qd2 Nxe1 36.Rxe1 dxe3
37.Rxe3 Rxe3 38.Qxe3 Qc4 39.Qd2 Qe6 40.Qd8+ Kg7 41.Kf2 Qe5 42.h3 g5  1/2-1/2

[Event "Indonesia Open 2013"]
[Site "Jakarta INA"]
[Date "2013.10.16"]
[Round "9.1"]
[White "Moiseenko,A1"]
[Black "Dreev,A"]
[Result "1/2-1/2"]
[WhiteElo "2703"]
[BlackElo "2679"]

1.d4 d5 2.c4 c6 3.Nf3 Nf6 4.Nc3 e6 5.Bg5 Nbd7 6.e3 Qa5 7.cxd5 Nxd5 8.Rc1 Nxc3
9.bxc3 Ba3 10.Rc2 b6 11.Bd3 Ba6 12.O-O Bxd3 13.Qxd3 O-O 14.Rb1 Rfe8 15.Bh4 Rac8
16.c4 Bd6 17.Ng5 Qf5 18.Qxf5 exf5 19.Bg3 Bxg3 20.hxg3 c5 21.Nf3 Nf6 22.Kf1 Ne4
23.d5 Nd6 24.Ke2 f6 25.Nd2 Kf7 26.a4 Rb8 27.Rcb2 Rb7 28.Kd3 Ke7 29.Ra1 Reb8
30.Rab1 Kd7 31.e4 fxe4+ 32.Nxe4 Nxe4 33.Kxe4 Re8+ 34.Kd3 Rbb8 35.a5 Kc7 36.axb6+ axb6
37.Ra2 Rb7 38.g4 Kd6 39.Ra6 Kc7 40.Rba1 Kd6 41.Ra7 Reb8 42.R7a6 Re8 43.g3 Kd7
44.Ra7 Rb8 45.Kc3 Kd6 46.Rxb7 Rxb7 47.Ra6 Kd7 48.f4 Ke7 49.Kb3 b5 50.cxb5 Rxb5+
51.Kc4 Rb1 52.Kxc5 Rc1+ 53.Kd4 Rd1+ 54.Ke4 Re1+ 55.Kd4 Rd1+ 56.Ke4 Re1+ 57.Kf3 Rf1+
58.Ke2 Rh1 59.Ra7+ Kd6 60.Rxg7 Kxd5 61.Kf3 Rh2 62.Re7 Kd6 63.Re2 Rxe2 64.Kxe2 h6
65.Kf3 Ke7 66.Ke3 Kd7 67.Kd3 Ke7 68.Kc3 Kd7 69.Kd3 Ke7 70.Kc4 Ke6 71.Kd4 Kd6
72.Ke4 Ke6 73.Kf3 Ke7 74.Kg2 Kf7 75.Kh3 Kg7 76.Kh2 Kf7 77.Kg1 Ke6 78.Kf2 Kf7
79.Ke3 Ke7 80.Kf3 Kf7 81.Kg2 Ke7 82.f5 Kd6 83.Kh3 Ke7 84.Kh2 Kd6 85.Kh3 Ke7  1/2-1/2

[Event "Indonesia Open 2013"]
[Site "Jakarta INA"]
[Date "2013.10.16"]
[Round "10.1"]
[White "Nguyen Duc Hoa"]
[Black "Dreev,A"]
[Result "0-1"]
[WhiteElo "2486"]
[BlackElo "2679"]

1.d4 d5 2.c4 c6 3.Nf3 Nf6 4.cxd5 cxd5 5.Nc3 Nc6 6.Bf4 e6 7.e3 Bd6 8.Bxd6 Qxd6
9.Bd3 O-O 10.O-O Bd7 11.Rc1 Rac8 12.Qd2 Rfd8 13.Rfd1 Be8 14.h3 a6 15.Ne2 h6
16.Ng3 Rc7 17.Rc2 Rdc8 18.Rdc1 Na7 19.Ne5 Bb5 20.Rxc7 Rxc7 21.Rxc7 Qxc7 22.Qc2 Qxc2
23.Bxc2 Kf8 24.f3 Ne8 25.Kf2 Nd6 26.b3 Be8 27.Ne2 Ke7 28.g4 Ndb5 29.Ke1 Na3
30.Bd3 g5 31.f4 f6 32.Nf3 Nc6 33.Kd2 Nb4 34.Nc1 a5 35.h4 h5 36.fxg5 hxg4
37.gxf6+ Kxf6 38.Ne5 g3 39.Ne2 g2 40.Ke1 Bh5 41.Ng1 Nxa2 42.Kf2 Nc1 43.Nh3 Nxd3+
44.Nxd3 Bd1 45.Nc5 b6 46.Nd7+ Ke7 47.Nxb6 Bxb3 48.h5 Bc2 49.h6 Nc4 50.Na4 Kf6
51.Nc3 a4 52.h7 Kg7 53.Kxg2 Nxe3+ 54.Kf3 Nd1 55.Nb5 Bd3 56.Na3 Bxh7 57.Nf4 Kf6
58.Ke2 Nc3+ 59.Kd2 Ne4+ 60.Kc1 Nd6 61.Ne2 Bd3 62.Nc3 Nf5 63.Kd2 Ba6 64.Nc2 a3
65.Na4 a2 66.Kc3 Ne3 67.Na1 Kf5 68.Kb2 Bc4 69.Nc3 Kf4 70.Na4 Nf5 71.Kc3 Nd6
72.Nc2 Nb5+ 73.Kb2 Bb3 74.Nc3 Nxc3 75.Kxb3 Ne2 76.Kxa2 Ke4 77.Kb2 Nxd4 78.Nb4 Nf3
79.Kc2 d4 80.Nd3 Ke3 81.Nb4 Ke2  0-1

[Event "Indonesia Open 2013"]
[Site "Jakarta INA"]
[Date "2013.10.17"]
[Round "11.1"]
[White "Dreev,A"]
[Black "Gopal,G"]
[Result "1/2-1/2"]
[WhiteElo "2679"]
[BlackElo "2527"]

1.d4 Nf6 2.c4 g6 3.Nc3 d5 4.Nf3 Bg7 5.Bf4 O-O 6.Rc1 dxc4 7.e3 Be6 8.Ng5 Bd5
9.e4 h6 10.exd5 hxg5 11.Bxg5 Nxd5 12.Bxc4 Nb6 13.Bb3 Nc6 14.d5 Nd4 15.O-O Nxb3
16.Qxb3 Bxc3 17.bxc3 Qxd5 18.Bxe7 Qxb3 19.axb3 Rfe8 20.Bc5 a5 21.Rfd1 a4
22.Bxb6 cxb6 23.bxa4 Rxa4 24.g3 Re2 25.Re1 Rxe1+ 26.Rxe1 Rc4 27.Rb1 Rxc3
28.Rxb6 Rc7 29.h4 Kg7 30.Kg2 Rd7 31.g4 Rc7 32.Kg3 Rd7 33.g5 Rc7 34.Kg4 Rc4+
35.f4 Rc1 36.Rxb7 Rg1+ 37.Kh3 Rh1+ 38.Kg3  1/2-1/2